[Event "SLO-ch U12"]
[Site "Postojna"]
[Date "2008.03.01"]
[Round "9"]
[White "Kumin, Andrej"]
[Black "Sturm, Timotej"]
[Result "1/2-1/2"]
[WhiteElo "1500"]
[BlackElo "1500"]
[PlyCount "95"]
[EventDate "2008.02.24"]
[EventType "swiss"]
[EventRounds "9"]
[EventCountry "SLO"]
[SourceTitle "EXT 2010"]
[Source "ChessBase"]
[SourceDate "2010.11.25"]
[SourceVersion "1"]
[SourceVersionDate "2010.11.25"]
[SourceQuality "1"]

1. e4 e5 2. Nf3 Nc6 3. Bc4 Bc5 4. Nc3 Nf6 5. d3 d6 6. h3 h6 7. 0-0 0-0 8. Be3 Bb6 9. Nd5 Be6 10. Nxb6 axb6 11. Bb3 Bxb3 12. axb3 Rxa1 13. Qxa1 Qa8 14. c3 Qa6 15. Qxa6 bxa6 16. d4 exd4 17. Nxd4 Nxd4 18. Bxd4 Nxe4 19. Re1 Nc5 20. Bxc5 dxc5 21. Re4 Rd8 22. b4 cxb4 23. Rxb4 Kh7 24. Rc4 c5 25. b4 cxb4 26. cxb4 a5 27. bxa5 bxa5 28. Ra4 Ra8 29. Kh2 g5 30. Kg3 Kg6 31. Kg4 f5+ 32. Kg3 h5 33. h4 gxh4+ 34. Kxh4 Ra6 35. f3 Ra8 36. g4 hxg4 37. fxg4 fxg4 38. Kxg4 Kf6 39. Kf4 Ke6 40. Ke4 Kd6 41. Kd4 Kc6 42. Kc4 Kb6 43. Ra3 Rc8+ 44. Kb3 Kb5 45. Ra1 Ra8 46. Ka3 a4 47. Rb1+ Ka5 48. Rb4 1/2-1/2

[Event "SLO-ch U12"]
[Site "Postojna"]
[Date "2008.02.28"]
[Round "7"]
[White "Sucur, Aleksander"]
[Black "Sturm, Timotej"]
[Result "1/2-1/2"]
[WhiteElo "1500"]
[BlackElo "1500"]
[PlyCount "47"]
[EventDate "2008.02.24"]
[EventType "swiss"]
[EventRounds "9"]
[EventCountry "SLO"]
[SourceTitle "EXT 2010"]
[Source "ChessBase"]
[SourceDate "2010.11.25"]
[SourceVersion "1"]
[SourceVersionDate "2010.11.25"]
[SourceQuality "1"]

1. e4 e5 2. Nf3 Nc6 3. Bc4 Bc5 4. 0-0 Nf6 5. Nc3 d6 6. h3 Be6 7. Bxe6 fxe6 8. d3 0-0 9. a3 d5 10. exd5 Nxd5 11. Nxd5 exd5 12. Ng5 Qd7 13. c3 d4 14. b4 Bb6 15. cxd4 Bxd4 16. Ra2 Rae8 17. Be3 Bxe3 18. fxe3 Rxf1+ 19. Qxf1 Rf8 20. Rf2 Rxf2 21. Qxf2 h6 22. Ne4 Qxd3 23. Nc5 Qxa3 24. Ne6 1/2-1/2

[Event "SLO-ch U12"]
[Site "Postojna"]
[Date "2008.02.26"]
[Round "3"]
[White "Bratkovic, Sham"]
[Black "Sturm, Timotej"]
[Result "1-0"]
[WhiteElo "1500"]
[BlackElo "1500"]
[PlyCount "65"]
[EventDate "2008.02.24"]
[EventType "swiss"]
[EventRounds "9"]
[EventCountry "SLO"]
[SourceTitle "EXT 2010"]
[Source "ChessBase"]
[SourceDate "2010.11.25"]
[SourceVersion "1"]
[SourceVersionDate "2010.11.25"]
[SourceQuality "1"]

1. e4 e5 2. Nf3 Nc6 3. Bb5 d6 4. 0-0 Nf6 5. d3 Bg4 6. Nc3 Qd7 7. Nd5 Be7 8. h3 Bh5 9. c4 0-0 10. Qa4 Rfe8 11. Nh2 a6 12. Bxc6 Qxc6 13. Qxc6 bxc6 14. Nxc7 Rab8 15. Nxe8 Rxe8 16. f4 exf4 17. Rxf4 d5 18. Ng4 dxe4 19. Nxf6+ Bxf6 20. Rxe4 Rd8 21. Rb1 g6 22. Bh6 Bd4+ 23. Kh2 Bg7 24. Bxg7 Kxg7 25. d4 g5 26. Rbe1 f6 27. Re6 Rc8 28. d5 cxd5 29. cxd5 Bf7 30. Re7 Rd8 31. Rd1 Kf8 32. d6 Be8 33. Rxh7 1-0